| 000 | 00657cam a2200181 4500 | ||
|---|---|---|---|
| 001 | WB3915-08 | ||
| 008 | 030423n2003 000 0 eng u | ||
| 035 | _a(Sirsi) u122061 | ||
| 245 | _aHousing condition survey 2001 published | ||
| 260 | _c2003 | ||
| 490 |
_aHousing Today _v (329) 17 April 2003, 8(1) |
||
| 520 | _aThe 2001 English house condition survey has been published, showing that unfit housing fell from 7.3% in 1996 to 4.9% in 2001. More information can be obtained from http://www.housing.odpm.gov.uk/research/ehcs/2001home/index.htm | ||
| 590 | _aWB | ||
| 650 | _aUNFIT HOUSING | ||
| 650 | _aSURVEYS | ||
| 690 | _aHOUSING | ||
| 942 | _n0 | ||
| 999 |
_c72526 _d72526 |
||